00813nam a2200193 a 450000100100000000500170001000800410002702000150006804000250008308200140010810000370012224502140015926000550037330000270042850000490045570000360050470000380054070000410057800003743920200930080355.0120418s1996 sp g 000 0 spa d a8400008685 aDO-SdBNPbspacBNPHU axxxbxxxx1 aCabezón, Antonio ded1510-156610aObras de música para tecla, arpa y vihuela| :brecopiladas y puestas en cifra por Hernando de Cabezón, su hijo /cprimera edición de Felipe Pedrell ; nueva edición corregida por Mons. Higinio Anglés. aMadrid, :bInstitució Milá i Fontanals,c1996. a3 v. :bmus. ;c24 cm. aLa biblioteca posee la segunda reimpresión1 aPedrell, Feliped1841-1922eed.1 aAnglés, Higiniod1888-1969eed.1 aCabezón, Hernandod1541-1602erec.